00321nam a2200145Ia 45000030006000000080041000060400015000471000017000622450031000792500010001102600020001203000006001405460012001460050017001580STCL150530s9999 xx 000 0 und d aSTCLcSTCL aAbrams, M.H. aGlossary of literary terms aFirst bMacmillanc1984 a0 aEnglish20220125170910.0